[Event "Sao Carlos Intermed-chT"]
[Site "Sao Carlos"]
[Date "2019.09.04"]
[Round "3.4"]
[White "Braz, Lucas Erick Lopes"]
[Black "Martins, Andre Giacomazzi"]
[Result "1/2-1/2"]
[WhiteElo "1669"]
[BlackElo "1497"]
[PlyCount "95"]
[EventDate "2019.09.02"]
[EventType "team-swiss"]
[EventRounds "5"]
[EventCountry "BRA"]
[SourceTitle "EXT 2020"]
[Source "ChessBase"]
[SourceDate "2019.10.17"]
[SourceVersion "1"]
[SourceVersionDate "2019.10.17"]
[SourceQuality "1"]
[WhiteTeam "Pinheiros"]
[BlackTeam "Santa Casa"]
[WhiteTeamCountry "BRA"]
[BlackTeamCountry "BRA"]

1. d4 d5 2. c4 e6 3. Nf3 c6 4. Nc3 dxc4 5. a4 Bb4 6. e3 b5 7. Bd2 a5 8. axb5 Bxc3 9. Bxc3 cxb5 10. b3 Bb7 11. bxc4 b4 12. Bb2 Nf6 13. Bd3 Nbd7 14. 0-0 0-0 15. Nd2 Re8 16. Bc2 Nb6 17. c5 Nbd7 18. Re1 Qc7 19. Nc4 Red8 20. Nd6 Ne8 21. Bxh7+ Kf8 22. Nxf7 Kxf7 23. Qh5+ Kf8 24. d5 Ndf6 25. Qg6 Rxd5 26. e4 Rxc5 27. e5 Nxh7 28. Qxh7 Qf7 29. Re3 Rac8 30. Re2 Qf4 31. h4 a4 32. Qb1 a3 33. Bxa3 bxa3 34. Qxb7 Rc1+ 35. Re1 Rxe1+ 36. Rxe1 Rc1 37. Rxc1 Qxc1+ 38. Kh2 Qf4+ 39. Kh3 a2 40. Qb2 Qf5+ 41. g4 Qb1 42. Qa3+ Kg8 43. Qa8 Qb3+ 44. Kh2 Kf7 45. Qa7+ Kf8 46. Qc5+ Kf7 47. Qa7+ Kg6 48. Qe7 1/2-1/2

[Event "Paulista-ch"]
[Site "Sao Paulo"]
[Date "2018.11.11"]
[Round "5"]
[White "Dos Santos Junior, Gabriel Ribeiro"]
[Black "Braz, Lucas Erick Lopes"]
[Result "1-0"]
[WhiteElo "1733"]
[BlackElo "1695"]
[PlyCount "65"]
[EventDate "2018.11.09"]
[EventType "swiss"]
[EventRounds "6"]
[EventCountry "BRA"]
[SourceTitle "CBM 187 Extra"]
[Source "ChessBase"]
[SourceDate "2018.11.04"]
[SourceVersion "1"]
[SourceVersionDate "2018.11.04"]
[SourceQuality "1"]

1. d4 d5 2. c4 c6 3. Nf3 Nf6 4. Nc3 e6 5. Bg5 Be7 6. e3 0-0 7. Bd3 dxc4 8. Bxc4 Nd5 9. Bxe7 Qxe7 10. e4 b5 11. Be2 Nf4 12. 0-0 Nxe2+ 13. Nxe2 Bb7 14. Ng3 Nd7 15. Rc1 Rac8 16. a3 a5 17. Qd2 b4 18. axb4 axb4 19. Rfd1 Ba6 20. Qf4 Nb6 21. Ne5 Bb5 22. Ra1 f6 23. Ng4 Ra8 24. Nh5 Rxa1 25. Rxa1 Nc4 26. b3 e5 27. Qg3 Nd6 28. Ngxf6+ Rxf6 29. dxe5 Rg6 30. exd6 Qxe4 31. d7 Qd4 32. Qb8+ Kf7 33. Qe8# 1-0